Fundamentals of Statistics (Record no. 3607)

MARC details
000 -LEADER
fixed length control field 00311nam a2200145Ia 4500
008 - FIXED-LENGTH DATA ELEMENTS--GENERAL INFORMATION
fixed length control field 230523s9999 xx 000 0 und d
082 ## - DEWEY DECIMAL CLASSIFICATION NUMBER
Classification number 519 GUN
100 ## - MAIN ENTRY--PERSONAL NAME
Main Author Name Gun, A.M.
245 #0 - TITLE STATEMENT
Title Fundamentals of Statistics
260 ## - PUBLICATION, DISTRIBUTION, ETC.
Place of publication Kolkata
260 ## - PUBLICATION, DISTRIBUTION, ETC.
publisher Name World Press
260 ## - PUBLICATION, DISTRIBUTION, ETC.
Date of publication 2017
300 ## - PHYSICAL DESCRIPTION
Number Of Page 619
942 ## - ADDED ENTRY ELEMENTS (KOHA)
Koha item type Reference Book
Holdings
Lost status Not for loan Home library Current library Date last seen Koha item type School Total Checkouts Full call number Barcode Date last checked out Cost, replacement price Price effective from Withdrawn status Date acquired Source of acquisition Cost, normal purchase price Discount Bill Date
    BGU Central Library BGU Central Library 06/11/2025 Reference Book School of Management 2 519 GUN R261 11/10/2025 450.00 23/05/2023   24/01/2018 Amazon (Online) 450.00   2018-01-24
    BGU Central Library BGU Central Library 06/11/2025 Reference Book School of Management 1 519 GUN R262 28/10/2025 450.00 23/05/2023   24/01/2018 Amazon (Online) 450.00   2018-01-24

Maintained and Designed by
2cqr automation private limited, Chennai. All Rights Reserved.

You are Visitor Number

PHP Hits Count